| 000 | 00858naa a22002777a 4500 | ||
|---|---|---|---|
| 001 | BR5500032 | ||
| 003 | BR-BrBNA | ||
| 005 | 20250709164600.0 | ||
| 007 | ta | ||
| 008 | 250630b bl.|||m| |||| 00| 0 por d | ||
| 040 |
_aBR-BrBNA _bpor _cBiblioteca Nacional de Agricultura |
||
| 041 | _a(Pt) | ||
| 072 |
_aF00 _b0312 _b0313 _bG514 |
||
| 090 | _aF00 BR5500032 | ||
| 100 | 1 | _aPadua, M. de L. | |
| 245 | 1 | _aContribuicao ao estudo comparativo dos oleos de pataua e oliva [Brasil] | |
| 500 | _aTecnologia. Relatorios - 1953 Rio de Janeiro, GB (Brasil): 1955. p. 189-206 [9 illus.] (BR5500032-AMS) | ||
| 650 | _aProducao vegetal | ||
| 650 | _aPataua | ||
| 650 | _aAzeitona | ||
| 650 | _aOleo vegetal | ||
| 650 | _aSemente | ||
| 490 |
_aBoletim - Instituto de Oleos (Brazil) _vno. 13 |
||
| 942 |
_cAMS _2AGRIS |
||
| 909 |
_a202506 _bLúcia _c55 _dLúcia Elande |
||
| 999 |
_c332522 _d332522 |
||